Central Library OPAC University of Rajshahi

Folk tales of Thailand / (Record no. 61000)

MARC details
000 -LEADER
fixed length control field 00808nam a2200277 a 4500
001 - CONTROL NUMBER
control field 61000
003 - CONTROL NUMBER IDENTIFIER
rucl marc code BD-RjUL
005 - DATE AND TIME OF LATEST TRANSACTION
control field 20211209080918.0
008 - FIXED-LENGTH DATA ELEMENTS--GENERAL INFORMATION
fixed length control field 170105s1976 ii a b 000 0 eng d
020 ## - INTERNATIONAL STANDARD BOOK NUMBER
Terms of availability Rs15.00
035 ## - SYSTEM CONTROL NUMBER
System control number (BD-RjUL)61124
040 ## - CATALOGING SOURCE
Original cataloging agency DLC
Transcribing agency DLC
Modifying agency DLC
Language of cataloging eng
041 ## - LANGUAGE CODE
Language code of text/sound track or separate title eng
082 00 - DEWEY DECIMAL CLASSIFICATION NUMBER
Classification number 398.2109593
Edition number 23
Author mark and year CHF 1976
100 2# - MAIN ENTRY--PERSONAL NAME
Personal name Roy Choudhury, Pranab Chandra,
Dates associated with a name 1903-
9 (RLIN) 181921
245 10 - TITLE STATEMENT
Title Folk tales of Thailand /
Statement of responsibility, etc. P. C. Roy Chaudhury.
250 ## - EDITION STATEMENT
Edition statement 1st ed.
260 ## - PUBLICATION, DISTRIBUTION, ETC. (IMPRINT)
Place of publication, distribution, etc. New Delhi :
Name of publisher, distributor, etc. Sterling,
Date of publication, distribution, etc. 1976.
300 ## - PHYSICAL DESCRIPTION
Pagination 112 p. :
Illustrations ill. ;
Size 22 cm.
490 0# - SERIES STATEMENT
Series statement Folk tales of the world ; 1
504 ## - BIBLIOGRAPHY, ETC. NOTE
Bibliography, etc Bibliography: p. [111]-112.
650 #0 - SUBJECT ADDED ENTRY--TOPICAL TERM
Topical term or geographic name as entry element Tales
Geographic subdivision Thailand.
9 (RLIN) 181922
Topical term or geographic name as entry element Tales
Geographic subdivision Thailand
General subdivision History and criticism.
9 (RLIN) 181923
942 ## - ADDED ENTRY ELEMENTS (KOHA)
Source of classification or shelving scheme Dewey Decimal Classification
Koha item type Books
Holdings
Lost status Source of classification or shelving scheme Damaged status Not for loan Collection code Permanent Location Current Location Shelving location Date acquired Source of acquisition Cost, normal purchase price Total Checkouts Full call number Date last seen Copy number Koha item type
  Dewey Decimal Classification   Not For Loan Non-fiction Central Library, University of Rajshahi Central Library, University of Rajshahi Reading Room 29/07/1978 India int. cal. 15.00   398.2109593 CHF 1976 05/01/2017 C-1 Books